A execução contra a fazenda pública / (Record no. 1287)

MARC details
000 -LÍDER
Campo Fixo de Controle 00700nam a2200229 a 4500
001 - NÚMERO DE CONTROLE
Campo de Controle 1287
003 - IDENTIFICAÇÃO DO NÚMERO DE CONTROLE
Campo de Controle BR-CuiBMT
005 - DATA E HORA DA ÚLTIMA ATUALIZAÇÃO
Campo de Controle 20231204185801.0
008 - DADOS FIXOS
Dados Fixos 231204s 1996spb 000 0 por d
020 ## - INTERNATIONAL STANDARD BOOK NUMBER
Nº do ISBN 8502019678
040 ## - AGÊNCIA CATALOGADORA
Código da Agência Catalogadora BR-CuiBMT
Agência que transcreveu o registro BR-CuiBMT
080 ## - Nº DA CLASSIFICAÇÃO DECIMAL UNIVERSAL
Nº Class. CDU 347.952:336.1
Nº edição CDU 2007
090 ## - NÚMERO DE CHAMADA
Nº classificação 347.952:336.1
Cutter F293e
100 1# - ENTRADA PRINCIPAL -- AUTOR PESSOAL
Nome pessoal Federighi, Wanderley José
245 12 - TÍTULO PRINCIPAL
Título principal A execução contra a fazenda pública /
Indicação de responsabilidade Wanderley José Federighi.
260 ## - PUBLICAÇÃO, DISTRIBUIÇÃO, ETC.
Local de publicação São Paulo :
Editora Saraiva,
Data 1996.
300 ## - DESCRIÇÃO FÍSICA
N. páginas ou volumes viii, 107 p. ;
Dimensões 20 cm
504 ## - NOTA DE BIBLIOGRAFIA, ETC.
Nota de bibliografia Inclui bibliografia.
650 ## - ASSUNTO TÓPICO
Cabeçalho tópico ou nome geográfico Execução contra a fazenda pública
Subdivisão geográfica Brasil
650 ## - ASSUNTO TÓPICO
Cabeçalho tópico ou nome geográfico Dívida pública
Subdivisão geral Legislação
Subdivisão geográfica Brasil
942 ## - ELEMENTOS DE ENTRADA ADICIONAIS (KOHA)
Fonte de classificação ou esquema de arquivamento Classificação Decimal Universal
Tipo de item do Koha Livros
Holdings
Estado: removido Estado: perdido Fonte de classificação ou esquema de arquivamento Estado: danificado Indisponível para empréstimo Localização permanente Localização atual Data de aquisição Total Checkouts Número de Chamada completo Código de barras Date last seen Número do exemplar Preço efetivo a partir de Tipo de item (Koha)
    Classificação Decimal Universal     Biblioteca da Escola Superior de Contas do TCE/MT Biblioteca da Escola Superior de Contas do TCE/MT 04/12/2023   347.952:336.1 F293e BIBTCEMT23120111 04/12/2023 Ex. 1 04/12/2023 Livros

Powered by Koha